Foods that are Yellow by Picture - Statistics

General Stats
  • This quiz has been taken 210 times
  • The average score is 13 of 16
Answer Stats
Picture Answer % Correct
Corn
98%
French Fries
98%
Honey
97%
Pineapple
97%
Egg Yolk
95%
Butter
94%
Cheese
94%
Mangoes
90%
Bananas
88%
Mac ‘n’ Cheese
85%
Lemons
83%
Cornflakes
75%
Mustard
70%
Asian Pears
44%
Jackfruit
37%
Eggfruit
4%
No matching quizzes found
Score Distribution
Percent of People with Each Score
Percentile by Number Answered
Your Score History
You have not taken this quiz